Musiker aus Berlin - Statistiken

Allgemein
  • Dieses Quiz wurde 442 mal gespielt
  • Das Durchschnittsergebnis liegt bei 12 aus 25
Antwortstatistiken
Songs Musiker/Band % Korrekt
Alles neu | Haus am See Peter Fox
91%
Junge | Schrei nach Liebe Die Ärzte
84%
Bilder im Kopf | Astronaut Sido
84%
Du hast den Farbfilm vergessen | Seemann Nina Hagen
76%
Du hast | Engel Rammstein
76%
Nur noch kurz die Welt retten | Keine Maschine Tim Bendzko
68%
Lieder | Ist da jemand Adel Tawil
66%
Ich will nur dass du weißt | Ne Leiche SDP
61%
Hurra die Welt geht unter | Boom Boom Boom K.I.Z.
60%
Vermissen | Hardcore High Juju
56%
Santa Maria | Warum hast du nicht nein gesagt Roland Kaiser
54%
Erfolg ist kein Glück | Warnung Kontra K
51%
Über den Wolken | Gute Nacht, Freunde Reinhard Mey
49%
Er gehört zu mir | Ich bin wie du Marianne Rosenberg
46%
Marmor, Stein und Eisen bricht | Guardian Angel Drafi Deutscher
40%
Gib mir Sonne | Ich bin ich (wir sind wir) Rosenstolz
38%
Über sieben Brücken mußt du gehn | Der blaue Planet Karat
37%
Hier kommt Kurt | Ja, wenn wir alle Englein wären Frank Zander
35%
Wolke 4 | Das ist dein Leben Philipp Dittberner
32%
Frauen regieren die Welt | Zieh die Schuh aus Roger Cicero
28%
Please Tell Rosie | Bad Ideas Alle Farben
26%
Sag mir, wo die Blumen sind | Lili Marleen Marlene Dietrich
20%
I Don’t Care As Long As You Sing | Gentleman Of The Year Beatsteaks
19%
Mädchen | Hey Süßer Lucilectric
13%
Angel Of Mine | Give Me Your Love Frank Duval
4%
Keine übereinstimmenden Quizze gefunden
Verteilung der Resultate
Anzahl Personen mit jedem Resultat
Perzentil nach korrekt beantworteten Fragen
Ihre Resultats-Entwicklung
Sie haben dieses Quiz noch nicht gespielt